| 000 | 00734nam a22002417a 4500 | ||
|---|---|---|---|
| 003 | UA-OsUOA | ||
| 001 | 45824 | ||
| 007 | ta | ||
| 008 | 20111206b un ||||| |||| 00| 0 ukr d | ||
| 100 | _aСмолій І. | ||
| 090 |
_a82-3 _bС51 |
||
| 942 | _cBK | ||
| 040 |
_aUA-OsUOA _bukr _cUA-OsUOA _dUA-OsUOA |
||
| 245 |
_aГаличина на зламі епохи _bВибрані твори |
||
| 300 | _a703 с. | ||
| 955 | _a3 | ||
| 041 | _aukr | ||
| 080 | _a82-3 | ||
| 260 |
_aК. _bВ-во ім. О. Теліги _c2009 |
||
| 650 | 7 |
_a82 Література. Літературознавство _2UDC |
|
| 999 |
_c425918 _d425918 |
||